Greek Cities - Sudden Death - Statistics

General Stats
  • This quiz has been taken 63 times
    60 since last reset
  • The average score is 6 of 10
Answers on the Grid
Answers color-coded by a green-red scale on the quiz's grid according to % correct below.
Mytilene
Nafplio
Lanarca
Drama
Ioannina
Limassol
Volos
Gallipoli
Chania
Xhanti
Patras
Tropea
Kalamata
Larissa
Durres
Limoges
Bursa
Batumi
Tartus
Ohrid
 
Answer Stats
Answer % Correct
Patras
77%
Ioannina
75%
Larissa
69%
Kalamata
65%
Chania
63%
Volos
62%
Xhanti
58%
Nafplio
52%
Mytilene
46%
Drama
44%
No matching quizzes found
Score Distribution
Percent of People with Each Score
Percentile by Number Answered
Your Score History
You have not taken this quiz since the last reset